| 000 | 01229nam a2200217 4500 | ||
|---|---|---|---|
| 005 | 20260203111133.0 | ||
| 008 | 260203b |||||||| |||| 00| 0 eng d | ||
| 020 | _a9781108831994 | ||
| 037 | _cTextual | ||
| 040 |
_aRTL _cRTL |
||
| 084 | _qRTL | ||
| 245 | _aOnline and marketing-based market design | ||
| 260 |
_aNew york _bCambridge University Press _c2023 |
||
| 300 |
_axxii, 697 p. _bIncludes bibliographical reference and index |
||
| 520 | _aThe rich, multi-faceted and multi-disciplinary field of matching-based market design is an active and important one due to its highly successful applications with economic and sociological impact. Its home is economics, but with intimate connections to algorithm design and operations research. With chapters contributed by over fifty top researchers from all three disciplines, this volume is unique in its breadth and depth, while still being a cohesive and unified picture of the field, suitable for the uninitiated as well as the expert. | ||
| 700 |
_aEchenique, Federico _eEditor _91113288 |
||
| 700 |
_aImmorlica, Nicole _eEditor _91113289 |
||
| 700 |
_aVazirani, Vijay V. _eEditor _91113290 |
||
| 700 |
_aRoth, Alvin E. _eForeword _91113291 |
||
| 942 |
_2CC _n0 _cTEXL |
||
| 999 |
_c1678554 _d1678554 |
||